|
|
|
|
| LEADER |
01839nam a2200481 i 4500 |
| 001 |
nkc20162792904 |
| 003 |
CZ PrNK |
| 005 |
20160627152846.0 |
| 007 |
ta |
| 008 |
160418s2016 xr a e p 000 0 cze |
| 015 |
|
|
|a cnb002792904
|
| 020 |
|
|
|a 978-80-213-2643-9
|q (brožováno) :
|c Kč 96,00
|
| 035 |
|
|
|a (OCoLC)953516171
|
| 040 |
|
|
|a BOA001
|b cze
|e rda
|
| 072 |
|
7 |
|a 33
|x Ekonomie
|2 Konspekt
|9 4
|
| 072 |
|
7 |
|a 37.016
|x Učební osnovy. Vyučovací předměty. Učebnice
|2 Konspekt
|9 22
|
| 080 |
|
|
|a 005.3
|2 MRF
|
| 080 |
|
|
|a 330.101.542
|2 MRF
|
| 080 |
|
|
|a (075.8)
|2 MRF
|
| 100 |
1 |
|
|a Severová, Lucie,
|d 1980-
|7 mzk2009539576
|4 aut
|
| 245 |
1 |
0 |
|a Teorie firmy :
|b (vybrané stati) /
|c Lucie Severová a kolektiv
|
| 250 |
|
|
|a Vydání první
|
| 264 |
|
1 |
|a V Praze :
|b Česká zemědělská univerzita, Provozně ekonomická fakulta,
|c 2016
|
| 300 |
|
|
|a 138 stran :
|b ilustrace ;
|c 29 cm
|
| 336 |
|
|
|a text
|b txt
|2 rdacontent
|
| 337 |
|
|
|a bez média
|b n
|2 rdamedia
|
| 338 |
|
|
|a svazek
|b nc
|2 rdacarrier
|
| 500 |
|
|
|a Pod názvem: Česká zemědělská univerzita v Praze, Provozně ekonomická fakulta, katedra ekonomických teorií
|
| 500 |
|
|
|a 120 výtisků
|
| 504 |
|
|
|a Obsahuje bibliografii
|
| 521 |
8 |
|
|a Určeno pro posluchače oboru PaE
|
| 650 |
0 |
7 |
|a teorie firmy
|7 ph126553
|2 czenas
|
| 650 |
0 |
7 |
|a mikroekonomie
|7 ph115305
|2 czenas
|
| 650 |
0 |
9 |
|a theory of the firm
|2 eczenas
|
| 650 |
0 |
9 |
|a microeconomics
|2 eczenas
|
| 655 |
|
7 |
|a učebnice vysokých škol
|7 fd133772
|2 czenas
|
| 655 |
|
9 |
|a textbooks (higher)
|2 eczenas
|
| 710 |
2 |
|
|a Česká zemědělská univerzita v Praze.
|b Katedra ekonomických teorií
|7 mzk2004240243
|4 isb
|
| 910 |
2 |
|
|a BOA001
|b 4-1370.067
|
| 990 |
|
|
|a BK
|
| 995 |
|
|
|a 01
|
| 991 |
|
|
|b 201606
|c NOV
|
| 996 |
6 |
|
|b 2610673047
|c 4-1370.067
|l MZK
|r Sklad / do 1 hodiny
|n 3
|p p.v.
|w 001564638
|u 000010
|a 1
|e BOA001
|j MZK50
|s P
|